Historia de la sexualidad / (Record no. 16180)

MARC details
000 -LEADER
campo de control de longitud fija 00941nam a22002891i 4500
001 - NÚMERO DE CONTROL
campo de control 16180
003 - IDENTIFICADOR DE NÚMERO DE CONTROL
campo de control ES-MaACL
005 - FECHA Y HORA DE LA ÚLTIMA TRANSACCIÓN
campo de control 20250802063059.0
007 - CAMPO FIJO DE DESCRIPCIÓN FÍSICA--INFORMACIÓN GENERAL
campo de control de longitud fija t|
008 - DATOS DE LONGITUD FIJA--INFORMACIÓN GENERAL
campo de control de longitud fija 000706s1998 sp ||||0| spa j
016 7# - NÚMERO DE CONTROL DE UNA AGENCIA BIBLIOGRÁFICA NACIONAL
Número de control cancelado/no válido IBH8100909649
-- BNE19920648851
-- IBH8505902147
020 ## - NÚMERO INTERNACIONAL ESTÁNDAR DEL LIBRO
Número Internacional Estándar del Libro 84-323-0290-2
040 ## - FUENTE DE CATALOGACIÓN
Centro catalogador/agencia de origen IBH
Lengua de catalogación spa
Centro/agencia transcriptor M-BN-DP
Centro/agencia modificador M-BN-DP
080 ## - NÚMERO DE LA CLASIFICACIÓN DECIMAL UNIVERSAL
Número de la Clasificación Decimal Universal 392.4/.6(091)
100 1# - ENTRADA PRINCIPAL--NOMBRE DE PERSONA
Nombre de persona Foucault, Michel,
Fechas asociadas al nombre 1926-1984
9 (RLIN) 241486
245 10 - MENCIÓN DEL TÍTULO
Título Historia de la sexualidad /
Mención de responsabilidad, etc. por Michel Foucault.
250 ## - MENCION DE EDICION
Mención de edición 26ª ed. en español, 9ª ed. en España.
260 ## - PUBLICACIÓN, DISTRIBUCIÓN, ETC.
Lugar de publicación, distribución, etc. Madrid :
Nombre del editor, distribuidor, etc. Siglo XXI de España,
Fecha de publicación, distribución, etc. 1998.
300 ## - DESCRIPCIÓN FÍSICA
Extensión 3 v ;
Dimensiones 18 cm.
490 1# - MENCIÓN DE SERIE
Mención de serie Teoría
505 8# - NOTA DE CONTENIDO CON FORMATO
Nota de contenido con formato 1. La voluntad del saber 2. El uso de los placeres 3. La inquietud de sí
650 14 - PUNTO DE ACCESO ADICIONAL DE MATERIA--TÉRMINO DE MATERIA
Término de materia o nombre geográfico como elemento de entrada Costumbres sexuales-
Subdivisión de forma Historia.
9 (RLIN) 11400
830 0# - PUNTO DE ACCESO ADICIONAL DE SERIE-TÍTULO UNIFORME
Título uniforme Teoría
9 (RLIN) 177535
852 ## - LOCALIZACIÓN
Ubicación ES-MaACL
Número de control de estantería L-23366-68
Sublocalización o colección R.128397
Holdings
Estatus retirado Estado de pérdida Estado de daño No para préstamo Biblioteca de origen Biblioteca actual Ubicación en estantería Fecha de adquisición Fuente de adquisición Total de préstamos Signatura topográfica completa Código de barras Visto por última vez Precio de reemplazo Tipo de ítem Koha
        Biblioteca del Ateneo de Madrid Biblioteca del Ateneo de Madrid Depósito 2 17/01/2008     L-23366-68 1016442 23/02/2023 23/02/2023 Libro impreso